B.Sc Mathematics-II: (Record no. 186313)

MARC details
000 -LEADER
fixed length control field 00635nam a22001817a 4500
005 - DATE AND TIME OF LATEST TRANSACTION
control field 20220222161054.0
010 ## - LCCN (DPL NO)
LC control number ENG-131743
020 ## - INTERNATIONAL STANDARD BOOK NUMBER
International Standard Book Number 9788194878759
Terms of availability 399.00
035 ## - SYSTEM CONTROL NUMBER
System control number EN-115275
037 ## - SOURCE OF ACQUISITION
Source of stock number/acquisition DBAD/PUB
082 ## - DEWEY DECIMAL CLASSIFICATION NUMBER
Classification number 516.07
245 ## - TITLE STATEMENT
Title B.Sc Mathematics-II:
Remainder of title Three Dimensional Analytical Solid Geometry/
Statement of responsibility, etc V.K. Madhuri et.al.
260 ## - PUBLICATION, DISTRIBUTION, ETC. (IMPRINT)
Place of publication, distribution, etc Hyderabad
Name of publisher, distributor, etc Spectrum University Press
Date of publication, distribution, etc 2021
270 ## - ADDRESS
City Hyderabad,
Address #326/C,Level-2, Surneni Nilyam
Postal code 5000038
Telephone number 011-238000657
Electronic mail address studentshelpline.in@gmail.com
300 ## - PHYSICAL DESCRIPTION
Extent viii,368p.
Dimensions 24cm(pbk)
700 ## - ADDED ENTRY--PERSONAL NAME
Personal name Madhuri, V.K.et.al.
942 ## - ADDED ENTRY ELEMENTS (KOHA)
Source of classification or shelving scheme Dewey Decimal Classification
Item type English Books
Classification part 516.07
Call number suffix MAD
Holdings
Withdrawn status Lost status Not for loan Collection code Home library Current library Date acquired Source of acquisition Cost, normal purchase price Full call number Barcode Copy number Cost, replacement price Koha item type
      Non-fiction Patel Nagar Patel Nagar 22/02/2022 DBAD/PUB 399.00 516.07 MAD EN-115275 1 399.00 English Books

© Delhi Public Library
Hit Counter
free hit counter